Overseas France Capitals - Statistics

General Stats
  • This quiz has been taken 24 times
  • The average score is 7 of 11
Answer Stats
Status Territory Capital % Correct
Overseas collectivity French Polynesia Papeete
87%
Overseas department/region French Guiana Cayenne
80%
Overseas collectivity Saint Pierre and Miquelon Saint Pierre
80%
Overseas department/region Martinique Fort-de-France
67%
Overseas department/region Réunion Saint Denis
67%
Overseas collectivity Saint Barthélemy Gustavia
60%
Overseas department/region Guadeloupe Basse-Terre
53%
Overseas collectivity Saint Martin Marigot
47%
Sui generis collectivity New Caledonia Nouméa
47%
Overseas collectivity Wallis and Futuna Mata Utu
40%
Overseas department/region Mayotte Mamoudzou
33%
No matching quizzes found
Score Distribution
Percent of People with Each Score
Percentile by Number Answered
Your Score History
You have not taken this quiz